000 00529nam a22001697a 4500
999 _c8717
_d8717
008 201211b ||||| |||| 00| 0 eng d
040 _aBMS College of Architecture
100 _aNihaarika, Kamisetty
245 _aAssisted living and orphanage complex
300 _a38p.
500 _a1BM11AT026
502 _8B,Arch
_NBMS College of Architecture, Visvesvaraya Technological University (VTU)
_aProject report
_d2015
650 _aOrphanage
700 _aNeetha S N
_eGuide
700 _aKiran Kumar
_eGuide
942 _2ddc
_cTHE